| 000 | 00905nam a2200289Ia 4500 | ||
|---|---|---|---|
| 001 | H6360 | ||
| 003 | IT-RoPAU | ||
| 008 | 130308s9999 xx 000 0 und d | ||
| 040 | _aIT-RoPAU | ||
| 040 | _cIT-RoPAU | ||
| 041 | _aITALIANO | ||
| 100 | _aAgostini Roberto | ||
| 100 | _gCodice Aut. SPICS: 10059 | ||
| 245 | _aStudiare la popular music | ||
| 245 | _bDal Blues al Liscio - Studi sull'esperienza Musicale Comune | ||
| 250 | _a1a ed. | ||
| 260 | _a VERONA | ||
| 260 | _bIANUA | ||
| 260 | _c1992 [1° Ed.:1992 - Ed.Ling.Originale:1992] | ||
| 300 | _a"23 p. (prefazione: no ; testo: 23 [pagine: 167-189])" | ||
| 500 | _a"Cos'E' la popular Music. Punti di Vista: Blacking; Marothy, Shepherd; Middleton; Tagg; Stefani. Verso un Nuovo Paradigma. Note. Bibliografia." | ||
| 650 | _aGENERI MUSICALI | ||
| 650 | _eCodice materia Spics: 7010 | ||
| 942 | _cBK | ||
| 957 | _71 | ||
| 999 |
_c85638 _d85638 |
||
| 999 | _g1 | ||